1980's Hit Singles II - Statistics

General Stats
  • This quiz has been taken 43 times
  • The average score is 5 of 15
Answer Stats
Hint Answer % Correct
David Bowie ... Let's _____ Dance
91%
Cher ... If I Could _______ Turn Back Time
88%
A-Ha ... The Sun Always Shines _____ On TV
64%
Boris Gardner ... I Want To Wake Up _____ With You
45%
Ultravox .... Dancing With _______ Tears In My Eyes
39%
Status Quo ... In The _____ Army Now
24%
Tears For Fears ... Pale _____ Shelter
24%
Bananarama ... Love Truth And _____ Honesty
18%
Orchestral Manoeuvres In The Dark ... Genetic ____ Engineering
15%
Alvin Stardust ... I Feel Like ______ Buddy Holly
12%
Stevie Wonder ... Do _____ I Do
12%
Abba ... Under _____ Attack
9%
Dollar ... Hand Held In _______ Black And White
9%
Shakatak ... Night ____ Birds
6%
Donna Summer ... Love Is ______ In Control
6%
No matching quizzes found
Score Distribution
Percent of People with Each Score
Percentile by Number Answered
Your Score History
You have not taken this quiz